LEADER 01077nam a2200229 i 4500 001 000000071651 003 CaOOAMICUS 005 20081212000000.0 008 081212s1970 gw u000 u ger u 013 $a42823 040 $aSeMil$bita 100 1 $aMann, Ulrich.$0(OLS)http://semarc/name/31039 245 10$aEinführung in die Religionsphilosophie /$cUlrich Mann. 260 $aDarmstadt :$bWissenschaftliche Buchgesellschaft,$c1970. 300 $a145 p. ;$c22 cm. 490 0 $aDie Philosophie : Einführungen in Gegenstand, Methoden und Ergebnisse ihrer Disziplinen 650 4$aFilosofia della religione.$0(OLS)http://semarc/subject/504 830 4$aDie Philosophie : Einführungen in Gegenstand, Methoden und Ergebnisse ihrer Disziplinen.$0(OLS)http://semarc/title/9819 850 $aSeMil 852 $aSeMil$W1$xVenegono$y1$m2P IV 356$j37804$B37804$CSeMilBibl$Z2$F37807 $81 996 $6245$aEinführung in die Religionsphilosophie$9(OLS)http://semarc/title/115293 996 $6260$aDarmstadt :$bWissenschaftliche Buchgesellschaft$9(OLS)http://semarc/publisher/32002 LEADER 00568naa a2200145 i 4500 001 000000301815 003 CaOOAMICUS 005 20180831172729.0 008 180831n xx u000 u und u 013 $a9549 040 $aSeMil$bita 100 1 $aCoccia, Antonio,$c.$0(OLS)http://semarc/name/86654 245 14$aThe critical problem and modern philosophy. 773 0 $aBlandino, Giovanni $tCritical problem of knowledge.$dRome : Herder, 1989.$kDialogo di filosofia$w()35776 996 $6245$aThe critical problem and modern philosophy$9(OLS)http://semarc/title/377804